|
|
|
|
| LEADER |
01078nam a2200265 i 4500 |
| 001 |
10050923 |
| 003 |
GR-PaULI |
| 005 |
20220707111935.0 |
| 008 |
040825s1998 uk f b 1 eng d |
| 952 |
|
|
|0 0
|1 0
|2 ddc
|4 0
|6 110_000000000000000_LOW
|7 0
|9 43357
|a PHIL
|b PHIL
|d 2016-04-24
|i 5109
|l 0
|o 110 LOW
|p 025000134937
|r 2016-04-24 00:00:00
|t 1
|v 2016.00
|w 2016-04-24
|y BK15
|
| 999 |
|
|
|c 27662
|d 27662
|
| 020 |
|
|
|a 0199244995
|
| 040 |
|
|
|a GR-PaULI
|c GR-PaULI
|b gre
|e AACR2
|
| 041 |
0 |
|
|a eng
|
| 082 |
0 |
4 |
|a 110
|2 23
|
| 100 |
1 |
|
|a Lowe, E. J.
|q (E. Jonathan)
|9 42895
|e συγγραφέας.
|
| 245 |
1 |
0 |
|a The possibility of metaphysics :
|b substance, identity, and time ,
|c E. J. Lowe.
|
| 260 |
|
|
|a Oxford :
|b Clarendon Press,
|c 1998.
|
| 300 |
|
|
|a viii, 275 σ. ;
|c 23 εκ.
|
| 504 |
|
|
|a Περιλαμβάνει βιβλιογραφία και ευρετήριο.
|
| 650 |
|
4 |
|a Μεταφυσική
|9 603
|
| 852 |
|
|
|a GR-PaULI
|b ΠΑΤΡΑ
|b ΦΙΛΟΣΟΦΙΑ
|k ΑΣΧΞ-4
|h 110 L
|m 5109
|p 025000134937
|t 1
|
| 942 |
|
|
|2 ddc
|c BK15
|
| 998 |
|
|
|c ΜΠΟΜΠΑ
|d 2004-08
|
| 998 |
|
|
|c ΚΑΝΕΛΛΟΠΟΥΛΟΥ
|d 2022-07
|